00597 aa a2200193 450000500170000001000060001702000230002303500130004603500130005903700090007208200110008110000550009224500940014724600090024126000830025027000120033330000520034549000060039720120522132449.0 a  c125.00a818583010x aA-690213 aA-768888 b pub a551.46 aशर्मा, श्यामसुन्दर aसागर विज्ञान / cश्यामसुन्दर शर्मा a b  aदिल्लीbसत्साहित्य प्रकाशनc1994 a b e  a200पृc22 सेमी (सजिल्द) a